000 01007nam a2200313 i 4500
003 DO-SdBNP
005 20231017134031.0
006 a||||gr|||| 00| 0
007 ta
008 231009e2016 sp ac||| |||| 00| 1 spa d
040 _aDO-SdBNP
_bspa
_cBNPHU
_erda
082 4 _a809.03
_bD218r
_222
100 1 _aDario, Rubén
_984417
_eautor
245 1 0 _aLos raros /
_cRubén Dario
264 1 _aGuatemala :
_bCultura,
_c2016
300 _a190 páginas ;
_c22 cm
336 _2rdacontent
_atexto
_btxt
337 _2rdamedia
_asin medición
_bn
338 _2rdacarrier
_avolumen
_bnc
490 1 _aEnsayo ;
490 1 _aLuis Cardoza y Aragón ;
_v58
500 _aEdición conmemorativa del primer centenario de su fallecimiento
590 _aInventariado 2023 / DG
650 4 _915066
_ySiglo XIX
_xHistoria y crítica
650 4 _aSimbolismo en la literatura
_95393
830 _aEnsayo
_pLuis Cardoza y Aragón ;
_n58
_984494
910 _aDG/Validado. Control de calidad MFF
942 _2ddc
_cLBS1
999 _c55134
_d55134